| 000 | 00704nab a2200205 a 4500 | ||
|---|---|---|---|
| 005 | 20210223132302.0 | ||
| 008 | 991125s1985 mx 000 0 spa u | ||
| 035 | _aUPN01000195566 | ||
| 222 |
_aBORDON : _bREVISTA DE PEDAGOGIA |
||
| 245 | _aEnfoques de aprendizaje en estudiantes universitarios excelentes y medios : su evolución a lo largo del primer año de carrera | ||
| 260 | _aMadrid, España | ||
| 300 | _a75-96 | ||
| 362 | 0 | _a2013 Vol. 65, no. 2, abr.-jun. | |
| 653 | 0 | _aESTUDIANTE UNIVERSITARIO | |
| 653 | 0 | _aENFOQUES DE APRENDIZAJE | |
| 653 | 0 | _aRENDIMIENTO ACADEMICO | |
| 700 | 1 |
_aGargallo López, Bernardo, _ecoaut. _939315 |
|
| 700 | 1 | _ubernardo.gargallo@uv.es | |
| 905 | _aArticulo | ||
| 999 |
_c167667 _d167667 |
||